[Event "ESP-chT Div 2"]
[Site "Cala Galdana"]
[Date "1999.11.12"]
[Round "5"]
[White "Pareja Perez, Juan Luis"]
[Black "Tejero Garces, Jorge"]
[Result "1-0"]
[WhiteElo "2140"]
[BlackElo "2327"]
[PlyCount "67"]
[EventDate "1999.11.08"]
[EventType "team"]
[EventRounds "9"]
[EventCountry "ESP"]
[SourceTitle "CBM 073 Extra"]
[Source "ChessBase"]
[SourceDate "2000.01.11"]
[SourceVersion "1"]
[SourceVersionDate "2000.01.11"]
[SourceQuality "1"]

1. e4 c5 2. Nf3 d6 3. Bc4 Nf6 4. Qe2 Nc6 5. c3 a6 6. h3 b5 7. Bb3 c4 8. Bc2 g6 9. d4 cxd3 10. Bxd3 Bg7 11. 0-0 0-0 12. Be3 Nd7 13. Nbd2 Nce5 14. Nxe5 Nxe5 15. Bc2 Nc6 16. Rac1 Be6 17. Bb1 Qd7 18. f4 f5 19. b3 Rac8 20. c4 Nd4 21. Qf2 Nc6 22. Rfd1 Qb7 23. cxb5 axb5 24. Nf3 h6 25. Nh4 fxe4 26. Nxg6 Rf6 27. Bxe4 d5 28. Bb1 Bf5 29. Bxf5 Rxf5 30. Nh4 Rf7 31. Rxd5 Nb4 32. Rxc8+ Qxc8 33. Rxb5 Nd3 34. Qd2 1-0

[Event "Benasque op 18th"]
[Site "Benasque"]
[Date "1998.??.??"]
[Round "?"]
[White "Peng, Zhaoqin"]
[Black "Tejero Garces, Jorge"]
[Result "1-0"]
[WhiteElo "2420"]
[BlackElo "2220"]
[PlyCount "62"]
[EventDate "1998.07.??"]
[EventType "swiss"]
[EventRounds "9"]
[EventCountry "ESP"]
[SourceTitle "EXT 2002"]
[Source "ChessBase"]
[SourceDate "2001.11.25"]
[SourceVersion "1"]
[SourceVersionDate "2001.11.25"]
[SourceQuality "1"]

1. d4 f5 2. Nc3 Nf6 3. Bg5 d5 4. Bxf6 exf6 5. e3 Be6 6. Bd3 Nc6 7. a3 Qd7 8. Qf3 0-0-0 9. Nge2 g6 10. h3 h5 11. Nf4 Bf7 12. 0-0-0 Kb8 13. Kb1 h4 14. g4 hxg3 15. fxg3 g5 16. Nfe2 Ne7 17. Rdf1 Bh5 18. g4 fxg4 19. Qxf6 Rg8 20. Ng3 Bg6 21. Bxg6 Rxg6 22. Qxf8 Rxf8 23. Rxf8+ Nc8 24. hxg4 c5 25. Rhh8 Rc6 26. Nf5 a6 27. Rd8 Qe6 28. Nxd5 Ka7 29. Nfe7 Nb6 30. Nxc6+ Qxc6 31. Nxb6 Qxb6 1-0

[Event "Terrassa op"]
[Site "Terrassa"]
[Date "1998.??.??"]
[Round "?"]
[White "Pomes Marcet, Juan"]
[Black "Tejero Garces, Jorge"]
[Result "1/2-1/2"]
[WhiteElo "2420"]
[BlackElo "2220"]
[PlyCount "31"]
[EventDate "1998.??.??"]
[EventType "swiss"]
[EventRounds "9"]
[EventCountry "ESP"]
[SourceTitle "EXT 2003"]
[Source "ChessBase"]
[SourceDate "2002.11.25"]
[SourceVersion "1"]
[SourceVersionDate "2002.11.25"]
[SourceQuality "1"]

1. d4 f5 2. Nf3 Nf6 3. Bg5 e6 4. Nbd2 d5 5. e3 Be7 6. c4 c6 7. cxd5 cxd5 8. Bb5+ Bd7 9. Qb3 Bxb5 10. Qxb5+ Qd7 11. Qxd7+ Nfxd7 12. Rc1 Nc6 13. Ke2 Bxg5 14. Nxg5 Ke7 15. h4 Rac8 16. a3 1/2-1/2

[Event "ESP Ronda op"]
[Site "Spain"]
[Date "1998.??.??"]
[Round "?"]
[White "Tejero Garces, Jorge"]
[Black "Castaner Harster, Xavier"]
[Result "1-0"]
[WhiteElo "2305"]
[BlackElo "2265"]
[PlyCount "37"]
[EventDate "1998.??.??"]
[EventType "swiss"]
[EventRounds "9"]
[EventCountry "ESP"]
[SourceTitle "EXT 2003"]
[Source "ChessBase"]
[SourceDate "2002.11.25"]
[SourceVersion "1"]
[SourceVersionDate "2002.11.25"]
[SourceQuality "1"]

1. e4 c5 2. Nf3 e6 3. d4 cxd4 4. Nxd4 a6 5. Nc3 Qc7 6. Bd3 b5 7. 0-0 Bb7 8. Re1 Bc5 9. Nb3 Ba7 10. Qg4 g6 11. Bf4 d6 12. Rad1 e5 13. Bg5 f6 14. Bc1 Ne7 15. Bxb5+ axb5 16. Nxb5 Bxf2+ 17. Kh1 Qb6 18. Nxd6+ Kf8 19. Bh6+ 1-0

[Event "Benasque op 18th"]
[Site "Benasque"]
[Date "1998.??.??"]
[Round "?"]
[White "Tejero Garces, Jorge"]
[Black "Rodriguez Vargas, Orestes"]
[Result "1-0"]
[WhiteElo "2220"]
[BlackElo "2455"]
[PlyCount "95"]
[EventDate "1998.07.??"]
[EventType "swiss"]
[EventRounds "9"]
[EventCountry "ESP"]
[SourceTitle "EXT 2002"]
[Source "ChessBase"]
[SourceDate "2001.11.25"]
[SourceVersion "1"]
[SourceVersionDate "2001.11.25"]
[SourceQuality "1"]

1. e4 d5 2. exd5 Nf6 3. d4 Nxd5 4. c4 Nb6 5. Nf3 g6 6. Nc3 Bg7 7. h3 0-0 8. Be3 Nc6 9. Qd2 e5 10. d5 Ne7 11. g4 f5 12. 0-0-0 e4 13. Ng5 h6 14. Ne6 Bxe6 15. dxe6 Qxd2+ 16. Rxd2 Bxc3 17. bxc3 Rf6 18. Bxh6 Rxe6 19. c5 Nbd5 20. Bg5 Re5 21. Bc4 Kf8 22. gxf5 Rxf5 23. Bh6+ Ke8 24. Re1 Rd8 25. Rxe4 Nxc3 26. Rxd8+ Kxd8 27. Rd4+ Ke8 28. Bd2 Ncd5 29. Bd3 Rh5 30. h4 c6 31. Bg5 Rh7 32. Ra4 a6 33. Re4 Rf7 34. Re6 Nf4 35. Rxe7+ Rxe7 36. Bxf4 Kf7 37. Kd2 Rd7 38. Bd6 b6 39. Ke3 Kf6 40. Kf4 bxc5 41. Be5+ Kf7 42. Bxa6 Rd2 43. Ke3 Rc2 44. Bd3 Rc1 45. a4 Rh1 46. a5 Ke6 47. f4 Kd5 48. Be4+ 1-0

[Event "ESP Ronda op"]
[Site "Spain"]
[Date "1998.??.??"]
[Round "?"]
[White "Tejero Garces, Jorge"]
[Black "Villares Galiano, Jose Maria"]
[Result "1-0"]
[WhiteElo "2305"]
[BlackElo "2150"]
[PlyCount "49"]
[EventDate "1998.??.??"]
[EventType "swiss"]
[EventRounds "9"]
[EventCountry "ESP"]
[SourceTitle "EXT 2003"]
[Source "ChessBase"]
[SourceDate "2002.11.25"]
[SourceVersion "1"]
[SourceVersionDate "2002.11.25"]
[SourceQuality "1"]

1. e4 d5 2. exd5 Nf6 3. d4 Nxd5 4. c4 Nb6 5. Nf3 g6 6. Nc3 Bg7 7. h3 0-0 8. Be3 Nc6 9. Qd2 e5 10. d5 Ne7 11. g4 f5 12. 0-0-0 fxg4 13. Ng5 g3 14. Rg1 Nf5 15. c5 Nxe3 16. Qxe3 Bh6 17. Rxg3 Nd7 18. Bc4 Nxc5 19. d6+ Be6 20. Qxc5 Bxg5+ 21. Kb1 Bxc4 22. Qxc4+ Kg7 23. dxc7 Qf6 24. Ne4 b5 25. Rd7+ 1-0

[Event "Catalunya-chT"]
[Site "Spain"]
[Date "1995.??.??"]
[Round "?"]
[White "Rodriguez Vargas, Orestes"]
[Black "Tejero Garces, Jorge"]
[Result "1-0"]
[WhiteElo "2445"]
[BlackElo "2260"]
[PlyCount "65"]
[EventDate "1995.??.??"]
[EventType "team"]
[EventRounds "9"]
[EventCountry "ESP"]
[SourceTitle "EXT 1997"]
[Source "ChessBase"]
[SourceDate "1996.11.15"]
[SourceVersion "1"]
[SourceVersionDate "1996.11.15"]
[SourceQuality "1"]

1. d4 f5 2. Bg5 h6 3. Bh4 g5 4. e3 Nf6 5. Bg3 d6 6. Nc3 Bg7 7. h4 g4 8. h5 Nc6 9. Bc4 Bd7 10. Nge2 e5 11. a3 Qe7 12. Bh4 0-0-0 13. Qd2 Rdf8 14. Nd5 Qe8 15. Bxf6 Bxf6 16. Nxf6 Rxf6 17. 0-0-0 Nd8 18. Nc3 Be6 19. dxe5 dxe5 20. Bxe6+ Rxe6 21. Qe2 Rg8 22. Nd5 Nc6 23. Qc4 Kb8 24. b4 Qf7 25. b5 Na5 26. Qc3 Rd6 27. Nb4 Nc4 28. Rd3 Rgd8 29. Rhd1 Qe6 30. Nd5 e4 31. Qxc4 exd3 32. Qxc7+ Ka8 33. Qxd8+ 1-0

[Event "Catalunya-chT"]
[Site "Spain"]
[Date "1995.??.??"]
[Round "?"]
[White "Tejero Garces, Jorge"]
[Black "Garcia Ilundain, David"]
[Result "0-1"]
[WhiteElo "2260"]
[BlackElo "2485"]
[PlyCount "62"]
[EventDate "1995.??.??"]
[EventType "team"]
[EventRounds "9"]
[EventCountry "ESP"]
[SourceTitle "EXT 1997"]
[Source "ChessBase"]
[SourceDate "1996.11.15"]
[SourceVersion "1"]
[SourceVersionDate "1996.11.15"]
[SourceQuality "1"]

1. e4 c5 2. Nf3 d6 3. d4 cxd4 4. Nxd4 Nf6 5. Nc3 Nc6 6. Bg5 e6 7. Qd2 a6 8. 0-0-0 Bd7 9. f4 b5 10. Bxf6 gxf6 11. Nxc6 Bxc6 12. Qe1 Be7 13. Bd3 Qb6 14. Kb1 Qc5 15. f5 b4 16. Ne2 e5 17. Nc1 a5 18. Nb3 Qb6 19. Bc4 a4 20. Nc1 h5 21. Rf1 Rg8 22. Qe2 Rg4 23. Bd5 Ra5 24. h3 Rg5 25. Bxc6+ Qxc6 26. Rf3 a3 27. b3 d5 28. exd5 Rxd5 29. g3 Rxd1 30. Qxd1 e4 31. Re3 Rxf5 0-1

[Event "Catalunya-ch"]
[Site "Spain"]
[Date "1994.??.??"]
[Round "?"]
[White "Dominguez Rueda, Juan"]
[Black "Tejero Garces, Jorge"]
[Result "0-1"]
[WhiteElo "2285"]
[BlackElo "2265"]
[PlyCount "62"]
[EventDate "1994.??.??"]
[EventType "swiss"]
[EventRounds "11"]
[EventCountry "ESP"]
[SourceTitle "EXT 2003"]
[Source "ChessBase"]
[SourceDate "2002.11.25"]
[SourceVersion "1"]
[SourceVersionDate "2002.11.25"]
[SourceQuality "1"]

1. e4 Nf6 2. e5 Nd5 3. d4 d6 4. Nf3 Bg4 5. Be2 c6 6. 0-0 Bxf3 7. Bxf3 dxe5 8. dxe5 e6 9. c4 Ne7 10. Qe2 Nd7 11. Bd2 Qc7 12. Bc3 0-0-0 13. b4 Kb8 14. Na3 g5 15. Rfe1 Ng6 16. c5 h5 17. Nc4 Bg7 18. g3 g4 19. Bg2 h4 20. b5 hxg3 21. Ba5 b6 22. cxb6 axb6 23. bxc6 Nf4 24. Qe4 gxf2+ 25. Kxf2 Nc5 26. Qb1 Rxh2 27. Bxb6 Rxg2+ 28. Kf1 Qxc6 29. Bxd8+ Kc8 30. Nd6+ Kd7 31. Ne4 Qa6+ 0-1

[Event "Biel MTO op"]
[Site "Biel"]
[Date "1994.??.??"]
[Round "4"]
[White "Hoffmann, Michael"]
[Black "Tejero Garces, Jorge"]
[Result "1-0"]
[WhiteElo "2470"]
[BlackElo "2290"]
[PlyCount "45"]
[EventDate "1994.07.??"]
[EventType "swiss"]
[EventRounds "11"]
[EventCountry "SUI"]
[SourceTitle "TD"]
[Source "ChessBase"]
[SourceDate "1994.03.01"]
[SourceVersion "1"]
[SourceVersionDate "1994.03.01"]
[SourceQuality "1"]

1. d4 f5 2. g3 Nf6 3. Bg2 g6 4. Nf3 Bg7 5. 0-0 0-0 6. Nbd2 c6 7. Re1 d5 8. c4 Kh8 9. Ne5 Be6 10. Qb3 Qb6 11. Qa3 Nbd7 12. Nxd7 Nxd7 13. cxd5 Bxd5 14. Bxd5 cxd5 15. Qxe7 Bxd4 16. Qxd7 Bxf2+ 17. Kf1 f4 18. Nf3 Bxg3 19. hxg3 fxg3 20. Kg2 Qf2+ 21. Kh3 Rxf3 22. exf3 Rf8 23. Bf4 1-0

[Event "Catalunya-ch"]
[Site "Spain"]
[Date "1994.??.??"]
[Round "?"]
[White "Jerez Perez, Alfonso"]
[Black "Tejero Garces, Jorge"]
[Result "1-0"]
[WhiteElo "2280"]
[BlackElo "2265"]
[PlyCount "49"]
[EventDate "1994.??.??"]
[EventType "swiss"]
[EventRounds "11"]
[EventCountry "ESP"]
[SourceTitle "EXT 2003"]
[Source "ChessBase"]
[SourceDate "2002.11.25"]
[SourceVersion "1"]
[SourceVersionDate "2002.11.25"]
[SourceQuality "1"]

1. e4 Nf6 2. Nc3 e5 3. Nf3 Nc6 4. d4 Bb4 5. d5 Ne7 6. Nxe5 0-0 7. Qd4 Bxc3+ 8. bxc3 Re8 9. Be3 Ng6 10. Nxg6 Rxe4 11. Qd2 hxg6 12. Be2 d6 13. 0-0 b6 14. Bf3 Re8 15. Bg5 Qd7 16. Rfe1 Bb7 17. Qd4 Rxe1+ 18. Rxe1 Re8 19. Rxe8+ Qxe8 20. h3 Qe1+ 21. Kh2 Qe5+ 22. Qxe5 dxe5 23. Bxf6 gxf6 24. d6 Bc8 25. Bb7 1-0

[Event "Andorra op 11th"]
[Site "Andorra"]
[Date "1993.??.??"]
[Round "2"]
[White "Jansa, Vlastimil"]
[Black "Tejero Garces, Jorge"]
[Result "1-0"]
[WhiteElo "2500"]
[BlackElo "2300"]
[PlyCount "61"]
[EventDate "1993.06.??"]
[EventType "swiss"]
[EventRounds "9"]
[EventCountry "AND"]
[SourceTitle "TD"]
[Source "ChessBase"]
[SourceDate "1994.03.01"]
[SourceVersion "1"]
[SourceVersionDate "1994.03.01"]
[SourceQuality "1"]

1. e4 Nf6 2. e5 Nd5 3. d4 d6 4. Nf3 g6 5. Bc4 Nb6 6. Bb3 Bg7 7. 0-0 0-0 8. exd6 cxd6 9. a4 d5 10. h3 Nc6 11. c3 Bf5 12. Re1 Rc8 13. Na3 Na5 14. Ba2 Nac4 15. b3 Nd6 16. Bb2 Nd7 17. c4 Be4 18. Ne5 dxc4 19. bxc4 b6 20. Qe2 Re8 21. Rad1 Ba8 22. c5 bxc5 23. dxc5 Rxc5 24. Nxf7 Nxf7 25. Bxf7+ Kxf7 26. Qe6+ Kf8 27. Rxd7 Qc8 28. Bxg7+ Kxg7 29. Rxe7+ Rxe7 30. Qxe7+ Kh6 31. Qh4+ 1-0

[Event "Andorra op 11th"]
[Site "Andorra"]
[Date "1993.??.??"]
[Round "5"]
[White "Suba, Mihai"]
[Black "Tejero Garces, Jorge"]
[Result "1-0"]
[WhiteElo "2500"]
[BlackElo "2300"]
[PlyCount "63"]
[EventDate "1993.06.??"]
[EventType "swiss"]
[EventRounds "9"]
[EventCountry "AND"]
[SourceTitle "TD"]
[Source "ChessBase"]
[SourceDate "1994.03.01"]
[SourceVersion "1"]
[SourceVersionDate "1994.03.01"]
[SourceQuality "1"]

1. d4 f5 2. g3 Nf6 3. Bg2 g6 4. c4 Bg7 5. Nc3 0-0 6. Nh3 Nc6 7. Rb1 d6 8. d5 Ne5 9. b3 a6 10. a4 c5 11. 0-0 Rb8 12. Bb2 Ne8 13. Qd2 b6 14. f4 Nf7 15. Nf2 Nc7 16. Ba1 b5 17. axb5 axb5 18. b4 bxc4 19. bxc5 Rxb1 20. Rxb1 dxc5 21. Rd1 Nd6 22. Bb2 Bb7 23. Na4 Bxb2 24. Qxb2 Na6 25. e4 Qa5 26. Ra1 Nb4 27. e5 Nf7 28. Nc3 Qc7 29. Qe2 Ba6 30. d6 exd6 31. e6 Re8 32. Nd5 1-0

[Event "Seville op"]
[Site "Seville"]
[Date "1993.??.??"]
[Round "3"]
[White "Suba, Mihai"]
[Black "Tejero Garces, Jorge"]
[Result "1-0"]
[WhiteElo "2520"]
[BlackElo "2295"]
[PlyCount "101"]
[EventDate "1993.01.??"]
[EventType "swiss"]
[EventRounds "10"]
[EventCountry "ESP"]
[SourceTitle "TD"]
[Source "ChessBase"]
[SourceDate "1994.03.01"]
[SourceVersion "1"]
[SourceVersionDate "1994.03.01"]
[SourceQuality "1"]

1. d4 f5 2. g3 Nf6 3. Bg2 g6 4. c4 Bg7 5. Nc3 0-0 6. Nh3 Nc6 7. Rb1 d6 8. d5 Ne5 9. b3 c5 10. dxc6 bxc6 11. 0-0 Bd7 12. Bb2 Qe8 13. e3 Kh8 14. Qd2 Rd8 15. f4 Neg4 16. e4 fxe4 17. Nxe4 Bf5 18. Rbe1 Qd7 19. Nhf2 Rfe8 20. h3 Nxf2 21. Nxf2 Qb7 22. g4 Bc8 23. g5 Nh5 24. Bxg7+ Nxg7 25. Ng4 Bxg4 26. hxg4 Qd7 27. Bh3 Rf8 28. Kh2 e6 29. Rd1 Qc7 30. Bg2 d5 31. cxd5 cxd5 32. Rc1 Qd7 33. Qd4 Kg8 34. Rc5 Rc8 35. b4 Rxc5 36. bxc5 Qc7 37. Kg3 Rb8 38. Rc1 a5 39. c6 Rb6 40. Qe5 Qxe5 41. fxe5 Rb8 42. Rc5 Ra8 43. Bf1 Ne8 44. Rb5 Rc8 45. Rb6 Nc7 46. Ba6 Ra8 47. Bd3 Rc8 48. Kf3 Kf8 49. Ke3 Ke7 50. Kd4 Re8 51. Rb7 1-0

[Event "Benasque op"]
[Site "Benasque"]
[Date "1993.??.??"]
[Round "4"]
[White "Tejero Garces, Jorge"]
[Black "De la Riva Aguado, Oscar"]
[Result "0-1"]
[WhiteElo "2300"]
[BlackElo "2400"]
[PlyCount "62"]
[EventDate "1993.07.??"]
[EventType "swiss"]
[EventRounds "9"]
[EventCountry "ESP"]
[SourceTitle "TD"]
[Source "ChessBase"]
[SourceDate "1994.03.01"]
[SourceVersion "1"]
[SourceVersionDate "1994.03.01"]
[SourceQuality "1"]

1. e4 c5 2. Nf3 e6 3. d4 cxd4 4. Nxd4 Nc6 5. Nc3 Qc7 6. Be3 a6 7. Bd3 Nf6 8. 0-0 Ne5 9. Be2 b5 10. f4 Nc4 11. Bxc4 Qxc4 12. e5 Nd5 13. Nxd5 Qxd5 14. Qe2 Bb7 15. Rad1 Rc8 16. c3 Qc4 17. Qf2 g6 18. Nb3 Bd5 19. Kh1 Be7 20. Nd2 Qc6 21. Bd4 0-0 22. Qg3 f5 23. exf6 Bxf6 24. Nf3 d6 25. Bxf6 Rxf6 26. Nd4 Qc4 27. f5 Rcf8 28. Nc2 Rxf5 29. Rxf5 Rxf5 30. Ne3 Qe2 31. Re1 Qf2 0-1

[Event "Ponferrada op1"]
[Site "Ponferrada"]
[Date "1992.??.??"]
[Round "8"]
[White "Malbran, Guillermo"]
[Black "Tejero Garces, Jorge"]
[Result "1-0"]
[WhiteElo "2330"]
[BlackElo "2290"]
[PlyCount "63"]
[EventDate "1992.??.??"]
[EventType "swiss"]
[EventRounds "9"]
[EventCountry "ESP"]
[SourceTitle "EXT 2002"]
[Source "ChessBase"]
[SourceDate "2001.11.25"]
[SourceVersion "1"]
[SourceVersionDate "2001.11.25"]
[SourceQuality "1"]

1. e4 Nf6 2. e5 Nd5 3. Nc3 Nxc3 4. dxc3 d5 5. c4 c6 6. Be3 Bf5 7. Nf3 e6 8. cxd5 Qxd5 9. Qxd5 exd5 10. Nd4 Bg6 11. h4 h6 12. h5 Bh7 13. e6 c5 14. Nb5 Na6 15. exf7+ Kxf7 16. c3 Be7 17. Be2 Be4 18. 0-0 Rhd8 19. Rad1 Bf6 20. Rd2 b6 21. Rfd1 Rd7 22. Bg4 Re7 23. f3 Bh7 24. Bf2 c4 25. Rxd5 Bd3 26. Nd6+ Kf8 27. Bf5 Rd8 28. Bxd3 cxd3 29. R5xd3 Be5 30. Nf5 Red7 31. Rxd7 Rxd7 32. Rxd7 1-0

[Event "Metz op 10th"]
[Site "Metz"]
[Date "1992.??.??"]
[Round "?"]
[White "Tejero Garces, Jorge"]
[Black "Semkov, Semko"]
[Result "0-1"]
[WhiteElo "2290"]
[BlackElo "2420"]
[PlyCount "75"]
[EventDate "1992.03.??"]
[EventType "swiss"]
[EventRounds "9"]
[EventCountry "FRA"]
[SourceTitle "EXT 2007"]
[Source "ChessBase"]
[SourceDate "2006.11.23"]
[SourceVersion "1"]
[SourceVersionDate "2006.11.23"]
[SourceQuality "1"]

1. e4 c5 2. Nf3 e6 3. d4 cxd4 4. Nxd4 Nc6 5. Nc3 Qc7 6. Be3 a6 7. Bd3 b5 8. 0-0 Bb7 9. Nb3 Nf6 10. f4 d6 11. Qf3 Be7 12. Qh3 Nb4 13. a3 Nxd3 14. cxd3 h5 15. Rac1 Qd8 16. a4 b4 17. Ne2 0-0 18. a5 Qd7 19. Ned4 g6 20. Bd2 Rab8 21. Qg3 h4 22. Qe1 e5 23. Nf3 h3 24. f5 hxg2 25. Rf2 Nh5 26. Rxg2 Kg7 27. Kh1 Rh8 28. Qg1 Kg8 29. Qa7 Rc8 30. Rcg1 Ng7 31. Bxb4 Nxf5 32. exf5 Qb5 33. Qe3 Qxb4 34. fxg6 f6 35. Nbd2 Qc5 36. d4 Qd5 37. g7 Rh3 38. Rg6 0-1